PFA Scotland Mens Player's Awards - Statistics

General Stats
  • This quiz has been taken 4 times
  • The average score is 7 of 8
Answer Stats
Hint Club Answer % Correct
Premiership Player of the Year Hearts Claudio Braga
100%
Championship Player of the Year St Johnstone Josh McPake
100%
Young Player of the Year Rangers Mikey Moore
100%
Sky Sports Goal of the Year Rangers Youssef Chermiti
100%
Manager of the Year Hearts Derek McInnes
75%
League 2 Player of the Year East Kilbride John Robertson
75%
League 1 Player of the Year Hamilton Oliver Shaw
75%
Special Merit Award SNT Steve Clarke
25%
No matching quizzes found
Score Distribution
Percent of People with Each Score
Percentile by Number Answered
Your Score History
You have not taken this quiz